000 00407nam a2200157Ia 4500
999 _c1915
_d1915
020 _a81-7211-069-3
082 _a327.54 RAM-D
100 _aRamachandran, Sit;
245 0 _aDecision making in foreign policy
260 _aNew Delhi
_bNorthern Book Centre
_c1996
300 _a296p.
504 _aIncludes indexes
650 _aIndia - Foreign relations
650 _aInternational relations
942 _cBK